A history of everyday life in twentieth century Scotland / (Record no. 478672)

000 -LEADER
fixed length control field 01384cam a22003977a 4500
001 - CONTROL NUMBER
control field 16351300
003 - CONTROL NUMBER IDENTIFIER
control field NUST
005 - DATE AND TIME OF LATEST TRANSACTION
control field 20180702105542.0
008 - FIXED-LENGTH DATA ELEMENTS--GENERAL INFORMATION
fixed length control field 100727s2010 stka b 001 0 eng
010 ## - LIBRARY OF CONGRESS CONTROL NUMBER
LC control number 2010474632
015 ## - NATIONAL BIBLIOGRAPHY NUMBER
National bibliography number GBB066416
Source bnb
016 7# - NATIONAL BIBLIOGRAPHIC AGENCY CONTROL NUMBER
Record control number 015564589
Source Uk
020 ## - INTERNATIONAL STANDARD BOOK NUMBER
International Standard Book Number 9780748624300 (cased)
020 ## - INTERNATIONAL STANDARD BOOK NUMBER
International Standard Book Number 0748624309 (cased)
020 ## - INTERNATIONAL STANDARD BOOK NUMBER
International Standard Book Number 9780748624317 (pbk.)
020 ## - INTERNATIONAL STANDARD BOOK NUMBER
International Standard Book Number 0748624317 (pbk.)
035 ## - SYSTEM CONTROL NUMBER
System control number (OCoLC)ocn636904506
038 ## - RECORD CONTENT LICENSOR
Staff Name 0
040 ## - CATALOGING SOURCE
Original cataloging agency UKM
Transcribing agency UKM
Modifying agency CDX
-- DLC
042 ## - AUTHENTICATION CODE
Authentication code ukblsr
-- lccopycat
050 00 - LIBRARY OF CONGRESS CALL NUMBER
Classification number DA821
Item number .H57 2010
082 04 - DEWEY DECIMAL CLASSIFICATION NUMBER
Classification number 306.0941109049
Edition number 22
245 02 - TITLE STATEMENT
Title A history of everyday life in twentieth century Scotland /
Statement of responsibility, etc. edited by Lynn Abrams and Callum Brown.
260 ## - PUBLICATION, DISTRIBUTION, ETC.
Place of publication, distribution, etc. Edinburgh :
Name of publisher, distributor, etc. Edinburgh University Press,
Date of publication, distribution, etc. c2010.
300 ## - PHYSICAL DESCRIPTION
Extent xvi, 302 p. :
Other physical details ill. ;
Dimensions 24 cm.
490 0# - SERIES STATEMENT
Series statement A history of everyday life in Scotland ;
Volume/sequential designation v. 4
504 ## - BIBLIOGRAPHY, ETC. NOTE
Bibliography, etc. note Includes bibliographical references and index.
651 #0 - SUBJECT ADDED ENTRY--GEOGRAPHIC NAME
Geographic name Scotland
General subdivision Social life and customs
-- 20th century.
9 (RLIN) 11384
651 #0 - SUBJECT ADDED ENTRY--GEOGRAPHIC NAME
Geographic name Scotland
General subdivision History
Chronological subdivision 20th century.
9 (RLIN) 11385
651 #0 - SUBJECT ADDED ENTRY--GEOGRAPHIC NAME
Geographic name Scotland
General subdivision Social conditions
-- 20th century.
9 (RLIN) 11386
700 1# - ADDED ENTRY--PERSONAL NAME
Personal name Abrams, Lynn.
9 (RLIN) 11387
700 1# - ADDED ENTRY--PERSONAL NAME
Personal name Brown, Callum G.,
Dates associated with a name 1953-
9 (RLIN) 11388
906 ## - LOCAL DATA ELEMENT F, LDF (RLIN)
a 7
b cbc
c copycat
d 3
e ncip
f 20
g y-gencatlg
942 ## - ADDED ENTRY ELEMENTS (KOHA)
Source of classification or shelving scheme
Koha item type Book
Holdings
Withdrawn status Lost status Source of classification or shelving scheme Damaged status Not for loan Collection code Permanent Location Current Location Shelving location Date acquired Total Checkouts Full call number Barcode Date last seen Date last checked out Price effective from Koha item type
            Central Library (CL) Central Library (CL) General Stacks 07/02/2018 1 306.0941109049 HIS S3H-S-683 12/22/2023 10/30/2018 07/02/2018 Book
© 2023 Central Library, National University of Sciences and Technology. All Rights Reserved.